000 00851cam a22002657a 4500
003 CHAP
005 20220329141418.0
008 971013s1982 r 00010 d
010 _a67755
011 _a68727
035 _a78200
040 _cCHAP
082 _a581.151
_bG3
100 0 0 _aGalindo Ruiz, Gabriel Arturo.
_944309
245 0 _aGermoplasma de especies tropicales existentes en el Centro de Investigaciones Agrícolas del Golfo Centro
260 _aVeracuz, Ver. :
_bINIA. Campo Agrícola Experimental Cotaxtla,
_c1982
300 _a116 p.
590 _aBATCH-UPD
_b10
_c20130110
_lUCH01
_h0622
590 _aCONVERSION
_b10
_c20130109
_lUCH01
_h1337
650 1 4 _aGermoplasma.
_947766
650 1 4 _aPlantas tropicales.
_989088
901 _aBK
942 _cLIBRO
949 _a581.151 G3
_bBC
_cC
_d33724000880878
_eC
_h71865
_i78200
_mD
_si
999 _c67755
_d67755